LLOYD'S INTRODUCTION TO JURISPRUDENCE (Record no. 216530)

MARC details
000 -LEADER
fixed length control field 00452nam a22001697a 4500
008 - FIXED-LENGTH DATA ELEMENTS--GENERAL INFORMATION
fixed length control field 260204b |||||||| |||| 00| 0 eng d
020 ## - INTERNATIONAL STANDARD BOOK NUMBER
International Standard Book Number 978-0-4140-2672-8
100 ## - MAIN ENTRY--PERSONAL NAME
Personal name FREEMAN, MICHAEL , FBA
245 ## - TITLE STATEMENT
Title LLOYD'S INTRODUCTION TO JURISPRUDENCE
250 ## - EDITION STATEMENT
Edition statement 9TH ED.
260 ## - PUBLICATION, DISTRIBUTION, ETC.
Place of publication, distribution, etc. LONDON
Name of publisher, distributor, etc. THOMSON REUTERS
Date of publication, distribution, etc. 2014
300 ## - PHYSICAL DESCRIPTION
Extent XLII,1617P.
500 ## - GENERAL NOTE
General note INCLUDES AN INDEX
650 ## - SUBJECT ADDED ENTRY
Topical term or geographic name entry element JURISPRUDENCE
942 ## - ADDED ENTRY ELEMENTS (KOHA)
Source of classification or shelving scheme Library of Congress Classification
Koha item type Long Loan Book
Holdings
Withdrawn status Lost status Source of classification or shelving scheme Damaged status Not for loan Collection Home library Current library Shelving location Date acquired Inventory number Total checkouts Full call number Barcode Date last seen Copy number Price effective from Koha item type
    Library of Congress Classification     Law Kisii University Library Kisii University Library On Display 02/04/2026 111723   K 230 .F74 2014 50576 02/04/2026 C.1 02/04/2026 Long Loan Book
    Library of Congress Classification     Law Kisii University Library Kisii University Library On Display 02/04/2026 111724   K 230 .F74 2014 50579 02/04/2026 C.2 02/04/2026 Long Loan Book
    Library of Congress Classification     Law Kisii University Library Kisii University Library On Display 02/04/2026 111725   K 230 .F74 2014 50587 02/04/2026 C.3 02/04/2026 Long Loan Book
    Library of Congress Classification     Law Kisii University Library Kisii University Library On Display 02/04/2026 111726   K 230 .F74 2014 50589 02/04/2026 C.4 02/04/2026 Long Loan Book
    Library of Congress Classification     Law Kisii University Library Kisii University Library On Display 02/04/2026 111727   K 230 .F74 2014 50590 02/04/2026 C.5 02/04/2026 Long Loan Book